Stížnosti, oznámení a podněty občanů a jejich organizací
Na minha lista:
| Autor principal: | |
|---|---|
| Formato: | Livro |
| Idioma: | tcheco |
| Publicado em: |
Praha
Výbor lidové kontroly ČSSR
1986
|
| Edição: | 1. vyd. |
| Tags: |
Sem tags, seja o primeiro a adicionar uma tag!
|
MARC
| LEADER | 00000nam a2200000 4500 | ||
|---|---|---|---|
| 001 | c031961 | ||
| 005 | 20250516121410.5 | ||
| 041 | 0 | |a cze | |
| 044 | |a CZ | ||
| 245 | 1 | 0 | |a Stížnosti, oznámení a podněty občanů a jejich organizací |c Václav Jaroch |
| 250 | |a 1. vyd. | ||
| 264 | 1 | |a Praha |b Výbor lidové kontroly ČSSR |c 1986 | |
| 300 | |a 115 s. | ||
| 100 | 1 | |a Jaroch, Václav | |